[Event "Prva liga Centralne Srbije 2007"]
[Site "Vrnjacka Banja"]
[Date "2007.10.07"]
[Round "5.6"]
[White "Rajkovic, Aleksandar"]
[Black "Miljkovic, Mihajlo"]
[Result "1/2-1/2"]
[WhiteElo "2148"]
[BlackElo "2260"]
[PlyCount "50"]
[EventDate "2007.09.09"]

1. Nf3 d5 2. b3 Bf5 3. Bb2 e6 4. e3 Nf6 5. Ne5 Nbd7 6. Be2 Nxe5 7. Bxe5 Bd6 8.
Bxd6 Qxd6 9. O-O O-O 10. d3 h6 11. Nd2 Rfd8 12. Re1 e5 13. Nf1 c5 14. Ng3 Bg6
15. Bg4 b5 16. Bf5 Bxf5 17. Nxf5 Qe6 18. Ng3 c4 19. a4 b4 20. d4 Rac8 21. dxe5
Qxe5 22. Ne2 Ng4 23. Ng3 Nf6 24. Ne2 Ng4 25. Ng3 Nf6 1/2-1/2

[Event "Prva liga Centralne Srbije 2007"]
[Site "Vrnjacka Banja"]
[Date "2007.10.07"]
[Round "5.6"]
[White "Maksimovic, Suzana"]
[Black "Arsenijevic, Ivan"]
[Result "1-0"]
[WhiteElo "2259"]
[BlackElo "2148"]
[PlyCount "65"]
[EventDate "2007.09.09"]

1. d4 d5 2. c4 c6 3. e3 Nf6 4. Nf3 e6 5. Bd3 Nbd7 6. Nbd2 Bd6 7. e4 dxe4 8.
Nxe4 Nxe4 9. Bxe4 Nf6 10. Bc2 Qc7 11. O-O h6 12. a3 Bd7 13. b4 Ng4 14. h3 Nh2
15. Re1 Nxf3+ 16. Qxf3 Qd8 17. Qe4 Qf6 18. Rb1 O-O-O 19. a4 g5 20. b5 Rdg8 21.
a5 g4 22. h4 Qxh4 23. Bf4 Bxf4 24. Qxf4 Qg5 25. Qd6 cxb5 26. Re5 f5 27. Be4 g3
28. Bxb7+ Kd8 29. fxg3 Qxg3 30. cxb5 Qf4 31. Rf1 Qd2 32. Rxe6 Qc3 33. Qe7+ 1-0